000 00972nam0a22002291 4500
001 rc\1097699
005 20260407142232.0
035 _a(NLR Aleph) 006343715
090 _a4727812
_c4727812
100 _a20041126d1983 |||y0rusy50 ca
101 0 _arus
102 _aRU
105 _ay |||||||||
200 1 _aУказания по выбору площади для строительства, сбору исходных данных и составлению задания на проектирование объектов сельского хозяйства Московской области
_e[Введ. в действие 20.07.83]
_fМосгипроНИИсельстрой
210 _aМ.
_cБ. и.
_d1983
215 _a27 с.
_d20
712 0 2 _a"МосгипроНИИсельстрой", институт
_3RU\NLR\AUTH\8810011781
_9521284
801 0 _aRU
_bNLR
_gpsbo
801 1 _aRU
_bELAR
_2rusmarc
852 _aNLR
_j84-4/6197
942 _cBOOK
980 _aNB